Paper innovations (Record no. 10200)

MARC details
000 -CABECERA
campo de control de longitud fija 00823nam a2200241 a 4500
001 - NÚMERO DE CONTROL
campo de control BRL_1389
005 - FECHA Y HORA DE LA ÚLTIMA TRANSACCIÓN
campo de control 20190320211200.0
008 - DATOS DE LONGITUD FIJA--INFORMACIÓN GENERAL
campo de control de longitud fija 100114s1985----u--a#ob###---#000-0#eng-#
020 ## - NÚMERO INTERNACIONAL ESTÁNDAR DEL LIBRO
Número Internacional Estándar del Libro 0914155040
041 ## - CÓDIGO DE LENGUA
Código de lengua del texto/banda sonora o título independiente eng
044 ## - CÓDIGO DEL PAÍS DE LA ENTIDAD EDITORA/PRODUCTORA
Código MARC del país u
050 #4 - SIGNATURA TOPOGRÁFICA DE LA BIBLIOTECA DEL CONGRESO
Número de clasificación NB1270.P3
Número de documento/Ítem .P37 1985
245 10 - MENCIÓN DE TÍTULO
Título Paper innovations
Resto del título handmade paper and handmade objects of cut, folded and molded paper
Mención de responsabilidad, etc. designed and edited by Martha Longenecker.
260 ## - PUBLICACIÓN, DISTRIBUCIÓN, ETC.
Lugar de publicación, distribución, etc. La Jolla, CA.
Nombre del editor, distribuidor, etc. Mingei International Museum of World Folk Art
Fecha de publicación, distribución, etc. 1985
300 ## - DESCRIPCIÓN FÍSICA
Extensión 127 p.
Otras características físicas il., fotografías (a color), mapas
Dimensiones 22 cm.
500 ## - NOTA GENERAL
Nota general Au1635
500 ## - NOTA GENERAL
Nota general Incluye dedicatoria a Ruth Lechuga
650 14 - PUNTO DE ACCESO ADICIONAL DE MATERIA--TÉRMINO DE MATERIA
Término de materia o nombre geográfico como elemento de entrada Papel, Trabajos en
Subdivisión de forma Exposiciones
9 (RLIN) 26745
650 14 - PUNTO DE ACCESO ADICIONAL DE MATERIA--TÉRMINO DE MATERIA
Término de materia o nombre geográfico como elemento de entrada Origami
Subdivisión de forma Exposiciones
9 (RLIN) 26746
700 1# - PUNTO DE ACCESO ADICIONAL--NOMBRE DE PERSONA
Nombre de persona Longenecker, Martha
Término indicativo de función/relación ed.
9 (RLIN) 26747
902 ## - CATALOGADOR
Iniciales GRL
942 ## - ELEMENTOS DE PUNTO DE ACCESO ADICIONAL (KOHA)
Fuente del sistema de clasificación o colocación Library of Congress Classification
Tipo de ítem Koha Libros
Holdings
Estado de retiro Estado de pérdida Estado dañado No para préstamo Localización permanente Ubicación/localización actual Fecha de adquisición Número de inventario Total de préstamos Signatura topográfica completa Código de barras Fecha visto por última vez Precio válido a partir de Tipo de ítem Koha
El ejemplar forma parte de la colección y puede ser consultado según las políticas vigentes.       Biblioteca Centro de Estudios Ruth D. Lechuga Biblioteca Centro de Estudios Ruth D. Lechuga 10/01/2014 Au1635   NB1270.P3 .P37 1985 (Au1635) GRL01547 22/03/2019 22/03/2019 Libros